Datum a čas kvízu
20.5
Celkem bodů
Celkový počet nahraných bodů na tomto kvízu bez doplňovacích otázek.
21.
Pořadí na kvízu
Konečné umístění týmu na tomto kvízu.
Zaznamenané odpovědi
| # | Otázka | Odpověď | Body | Výsledky |
|---|---|---|---|---|
| 1. | Minulý týden jsme se dozvěděli... | Jan Graubner | 1 | |
| 2. | Která země minulý týden schvál... | Chorvatsko | 0 | |
| 3. | Minulý týden se v newyorské au... | Andy Warhol, Marilyn Monroe | 0 | |
| 4. | V pátek byl otevřen nejdelší p... | v České republice | 0 | |
| 5. | Jak se jmenuje český fotbalový... | Bořek Dočkal | 1 | |
| 6. | Podíváme se na nejrůznější omy... | Jiří Sovák, Vladimír Menšík | 1 | |
| 7. | Jeden z nejslavnějších mořepla... | Vespucci | 0 | |
| 8. | Snad jsem si zmýlil odjezd vla... | Poslední kovboj, Michal Tučný | 0.5 | |
| 9. | Komedie omylů je první autorov... | C) William Shakespeare | 0 | |
| 10. | A na závěr si připomeneme jedn... | Tomáš Hanák, Oskar | 0.5 |